<?xml version="1.0" encoding="UTF-8"?>
<record
    xmlns:xsi="http://www.w3.org/2001/XMLSchema-instance"
    xsi:schemaLocation="http://www.loc.gov/MARC21/slim http://www.loc.gov/standards/marcxml/schema/MARC21slim.xsd"
    xmlns="http://www.loc.gov/MARC21/slim">

  <leader>00899    a2200157   4500</leader>
  <controlfield tag="001">122527</controlfield>
  <datafield tag="020" ind1=" " ind2=" ">
    <subfield code="a">9788542621815</subfield>
  </datafield>
  <datafield tag="040" ind1=" " ind2=" ">
    <subfield code="c">Escola Canadense de Niteroi</subfield>
  </datafield>
  <datafield tag="090" ind1=" " ind2=" ">
    <subfield code="a">SOU - Turma da m&#xF4;nica jovem</subfield>
  </datafield>
  <datafield tag="245" ind1="1" ind2="0">
    <subfield code="a">Turma da M&#xF4;nica - Gera&#xE7;&#xE3;o 12</subfield>
  </datafield>
  <datafield tag="260" ind1=" " ind2=" ">
    <subfield code="a">S&#xE3;o Paulo</subfield>
  </datafield>
  <datafield tag="362" ind1="0" ind2=" ">
    <subfield code="a">2019</subfield>
  </datafield>
  <datafield tag="490" ind1="0" ind2=" ">
    <subfield code="a">Gera&#xE7;&#xE3;o 12</subfield>
  </datafield>
  <datafield tag="520" ind1=" " ind2=" ">
    <subfield code="a">A primeira revista do selo Mang&#xE1; MSP traz "Um Novo Tempo". O rec&#xE9;m-inaugurado Instituto Astro de Explora&#xE7;&#xE3;o Espacial abriu as portas para receber sua primeira gera&#xE7;&#xE3;o de alunos com 12 anos de idade. Estudar planetas e luas, conhecer alien&#xED;genas, caminhar numa sala com gravidade zero... Essas s&#xE3;o apenas algumas das aulas para quem sonha em viajar pelo universo como o Astronauta Pereira.
Esta edi&#xE7;&#xE3;o revela um pouco desse novo mundo, enquanto a Turma da M&#xF4;nica Gera&#xE7;&#xE3;o 12 se prepara para uma grande aventura!
(Grade Level: 7-9)</subfield>
  </datafield>
  <datafield tag="942" ind1=" " ind2=" ">
    <subfield code="c">BK</subfield>
  </datafield>
  <datafield tag="952" ind1=" " ind2=" ">
    <subfield code="0">0</subfield>
    <subfield code="1">0</subfield>
    <subfield code="4">0</subfield>
    <subfield code="7">0</subfield>
    <subfield code="a">80.1</subfield>
    <subfield code="b">80.1</subfield>
    <subfield code="d">2024-02-09</subfield>
    <subfield code="l">0</subfield>
    <subfield code="o">SOU - Turma da m&#xF4;nica jovem</subfield>
    <subfield code="p">A21282</subfield>
    <subfield code="r">2024-02-09 21:18:34</subfield>
    <subfield code="w">2024-02-09</subfield>
    <subfield code="y">BK</subfield>
  </datafield>
  <datafield tag="999" ind1=" " ind2=" ">
    <subfield code="c">122527</subfield>
    <subfield code="d">122527</subfield>
  </datafield>
</record>
